| 000 | 00415nam a2200157Ia 4500 | ||
|---|---|---|---|
| 008 | 250916s9999 xx 000 0 und d | ||
| 020 | _a978-3-031-45281-9 | ||
| 082 | _a006.3 HUA | ||
| 100 | _aHuang, Ken | ||
| 245 | 0 |
_aBeyond AI: _bchatgpt, web3, and the business landscape of tomorrow |
|
| 250 | _a1st | ||
| 260 |
_aNew York: _bSpringer, _c2023 |
||
| 300 | _a395 p. | ||
| 600 | _aComputer Science | ||
| 942 | _cBK | ||
| 999 |
_c31644 _d31644 |
||